Normal view
MARC view
- Semantics:Oxford Introdution To Language Study
Entry Topical Term
001 - CONTROL NUMBER
- control field: 2009
003 - CONTROL NUMBER IDENTIFIER
- control field: JO-AjAnu
005 - DATE AND TIME OF LATEST TRANSACTION
- control field: 20230606070631.0
008 - FIXED-LENGTH DATA ELEMENTS
- fixed length control field: 230606|| aca||aabn | a|a d
040 ## - CATALOGING SOURCE
- Original cataloging agency: JO-AjAnu
- Transcribing agency: JO-AjAnu
150 ## - HEADING--TOPICAL TERM
- Topical term or geographic name entry element: Semantics:Oxford Introdution To Language Study
670 ## - SOURCE DATA FOUND
- Source citation: Work cat.: (JO-AjAnu)1055: Cowie,A.P تأليف, author 2008, Semantics:Oxford Introdution To Language Study